| Tag |
First Indicator |
Second Indicator |
Subfields |
| LEADER |
00000cam a2200000 4500 |
| 001 |
in00000061152 |
| 005 |
20151008051629.0 |
| 008 |
800108r19511930enk b 00010 eng |
| 035 |
|
|
|a (OCoLC)05853596
|
| 035 |
|
|
|9 AAG9076AM
|
| 040 |
|
|
|a DLC
|c AFU
|d TXA
|d UtOrBLW
|
| 049 |
|
|
|a TXAM
|c [289698]
|
| 090 |
|
|
|a JN181
|b .T3 1951
|
| 092 |
|
|
|a 342.4209
|b T166t2
|
| 100 |
1 |
|
|a Tanner, J. R.
|q (Joseph Robson),
|d 1860-1931.
|
| 245 |
1 |
0 |
|a Tudor constitutional documents, A. D. 1485-1603 /
|c with an historical commentary, by J. R. Tanner.
|
| 264 |
|
1 |
|a Cambridge [England] :
|b The University Press,
|c 1951.
|
| 300 |
|
|
|a xxiv, 636 pages ;
|c 24 cm.
|
| 336 |
|
|
|a text
|b txt
|2 rdacontent
|
| 337 |
|
|
|a unmediated
|b n
|2 rdamedia
|
| 338 |
|
|
|a volume
|b nc
|2 rdacarrier
|
| 500 |
|
|
|a "First edition, 1922; second edition 1930; reprinted ... 1951."
|
| 504 |
|
|
|a "List of books": pages [xx]-xxiv.
|
| 650 |
|
0 |
|a Constitutional history
|z Great Britain.
|
| 651 |
|
0 |
|a Great Britain
|x History
|y Tudors, 1485-1603
|v Sources.
|
| 999 |
|
|
|a MARS
|
| 999 |
f |
f |
|s dc385f05-f448-3434-a0b1-92f124a38eda
|i 3ff0d88b-3e6b-3286-bb9b-adc68334ad5a
|t 0
|
| 952 |
f |
f |
|p ric
|a Texas A&M University
|b Rellis Campus
|c Joint Library Facility
|d Remote Storage
|t 0
|e JN181 .T3 1951
|h Library of Congress classification
|i unmediated -- volume
|m A14800787007
|
| 998 |
f |
f |
|a JN181 .T3 1951
|t 0
|l Remote Storage
|